header

Active plasmonics and tuneable plasmonic materials (Record no. 28056)

MARC details
000 -LEADER
fixed length control field 01407nam a2200325 a 4500
082 04 - DEWEY DECIMAL CLASSIFICATION NUMBER
Classification number 530.4/4
245 00 - TITLE STATEMENT
Title Active plasmonics and tuneable plasmonic materials
260 ## - PUBLICATION, DISTRIBUTION, ETC. (IMPRINT)
Place of publication Hoboken, N.J. :
Name of publisher Wiley ; Science Wise Publishing,
Year of publication c2013.
300 ## - PHYSICAL DESCRIPTION
Number of Pages 1 online resource (xviii, 316 p.) :
Other physical details ill. (some col.), graphs.
650 #0 - SUBJECT ADDED ENTRY--TOPICAL TERM
Topical Term Plasmons (Physics)
Topical Term Metamaterials.
700 1# - ADDED ENTRY--PERSONAL NAME
Personal name Zayats, A. V.
Personal name Maier, Stefan A.
856 40 - ELECTRONIC LOCATION AND ACCESS
Uniform Resource Identifier http://site.ebrary.com/lib/rucke/Doc?id=10718840
588 ## -
-- Description based on online resource; title from title page (ebrary, viewed June 17, 2013).

No items available.

© 2026 Rongo University
Contact us: librarian | system librarian | Rongo university